Descartes político o de la razonable ideología

Salvato in:
Dettagli Bibliografici
Autore principale: Negri, Antonio (autor)
Natura: Libro
Lingua:spagnolo
Pubblicazione: Madrid Akal 2008
Serie:Cuestiones de Antagonismo, 51
Soggetti:
Tags: Aggiungi Tag
Nessun Tag, puoi essere il primo ad aggiungerne!!

MARC

LEADER 00000cam a2200000 a 4500
001 UCH5874
003 CL-VaPUC
008 091105e20080000SP |||||||||||||||||spa|d
020 |a 9788446024576 
082 0 4 |a 320.01  |b NEG  |2 21 
100 |a Negri, Antonio  |e autor  |9 455299 
245 1 0 |a Descartes político o de la razonable ideología 
300 |a 247 p 
942 |c BK 
945 |d 20091105 00:00:00  |a rbrito 
260 |a Madrid  |b Akal  |c 2008 
600 0 |a Descartes, René  |e autor  |9 265906 
650 7 |a FILOSOFIA POLITICA  |2 CL-VaPUC  |9 542264 
650 0 |a Política  |9 255312 
650 0 |a Crítica e interpretación   |9 255042 
583 |a last modification  |c 20131011 07:36:36  |k Rodrigo Vera 
490 0 |a Cuestiones de Antagonismo, 51 
999 |c 336909  |d 336907 
952 |0 0  |1 0  |4 0  |6 320_010000000000000_NEG_2008  |7 0  |8 A  |9 428965  |a BIBEDU  |b BIBEDU  |d 2019-11-22  |i 4804910  |o 320.01 NEG 2008  |p 4804910  |r 2019-11-22  |w 2019-11-22  |y BK  |k FIL 
952 |0 0  |1 0  |3 erb  |4 0  |6 320_010000000000000_NEG_2008  |7 0  |8 A  |9 428966  |a BIBEDU  |b BIBEDU  |d 2019-11-22  |i 5019702  |o 320.01 NEG 2008  |p 5019702  |r 2019-11-22  |w 2019-11-22  |y BK  |z Catalogado en:20131018  |k PSI 
952 |0 0  |1 0  |3 erb  |4 0  |6 320_010000000000000_NEG_2008  |7 0  |8 A  |9 428967  |a BIBEDU  |b BIBEDU  |i 5052823  |o 320.01 NEG 2008  |p 5052823  |r 2019-11-22  |w 2019-11-22  |y BK  |z Catalogado en:20140124  |k FIL 
952 |0 0  |1 0  |3 erb  |4 0  |6 320_010000000000000_NEG_2008  |7 0  |8 A  |9 428968  |a BIBEDU  |b BIBEDU  |i 5078261  |o 320.01 NEG 2008  |p 5078261  |r 2019-11-22  |w 2019-11-22  |y BK  |z Catalogado en:20140526  |k FIL